000 00282nam a2200121Ia 4500
005 20260326235451.0
008 260326s9999||||xx |||||||||||||| ||und||
100 _aCemex
245 0 _aXIII Premio Obras Cemex /
_cCemex
260 _bCemex
650 _aARQUITECTURA CIVIL
942 _cBK
999 _c7766
_d7766